00961nam a22001937a 4500003000800000008004100008037002000049040003500069041000800104080001000112100002900122245020100151260009500352300002300447502017300470650008300643655001200726700002900738BI-BuBU260629b2025 bd fr|||| 000 0 fre d bDon de l'auteur aBI-BuBUbfrecBI-BuBUdBI-BuBU0 afre a338.11 4aut.aKwizerimana, Emery10aImpact du développement financier sur la croissance économique dans les pays du COMESAble rôle de la qualité des institutions (2000-2023)cEmery Kwizerimana ; Gilbert Niyongabo, directeur aBujumburabUniversité du Burundi, Faculté des Sciences Economiques et de Gestionc2025 aXII-129 f.c30 cm. aMémoire présenté et défendu publiquement en vue de l'obtention du diplôme de master en analyse économique et développement. Option : Analyse économique. 72BI-BuBUaCroissance économiquexDéveloppement financiery2000-2023zCOMESA 2BI-BuBU1 4dir.aNiyongabo, Gilbert